| 000 | 00401nam a2200157Ia 4500 | ||
|---|---|---|---|
| 008 | 231217s9999 xx 000 0 und d | ||
| 041 | _aEnglish | ||
| 082 | _a153.9 THO1;6 R | ||
| 100 | _aThorpe, Edgar | ||
| 245 | 0 | _aTest of reasoning for competitive examinations | |
| 250 | _a3rd ed. | ||
| 260 |
_c2003 _bTMH _aNew Delhi |
||
| 300 | _axiv+644 | ||
| 650 | _areasoning,competitive | ||
| 942 | _cAA | ||
| 999 |
_c175810 _d175810 |
||